| 000 | 00624nam a22001937a 4500 | ||
|---|---|---|---|
| 005 | 20251108172956.0 | ||
| 008 | 250721s1988 xx 000 0 ara d | ||
| 082 | 1 | 4 | _a371.3 /حمد |
| 100 | 1 | _aحمدان، محمد زياد | |
| 245 | 1 | 0 | _aالتدريس المعاصر تطوراته و أصوله و عناصره و طرقه / |
| 264 | 1 |
_aعمان : _bدار التربية الحديثة، _c1988. |
|
| 300 | _a234 ص | ||
| 490 | 0 |
_aسلسلة التربية الحديثة _v4 |
|
| 650 | 1 | 7 | _aالتدريس |
| 650 | 1 | 7 | _aطرق التدريس |
| 650 | 1 | 7 | _aالتعليم |
| 942 |
_2ddc _cBK |
||
| 999 |
_c93181 _d93181 |
||